| 000 | 00763nam a2200205 a 4500 | ||
|---|---|---|---|
| 001 | 000020188 | ||
| 005 | 20240412074249.0 | ||
| 008 | 100727s1998 dr ac 001 m spa d | ||
| 040 |
_aDO-SdBNP _bspa _cBNPHU |
||
| 082 |
_aRD860.4408 _bA634L |
||
| 245 | 0 | 0 |
_aAntología literaria contemporánea de la frontera / _cantologador Francisco Paulino Adames. |
| 260 |
_aSanto Domingo : _bFundación Pro-Desarrollo de la Frontera, _c1998. |
||
| 300 |
_a174 p. : _bil., retrs. ; _c23 cm. |
||
| 590 | _aInventariado, 2018 /LP | ||
| 650 | 4 |
_aPoesía dominicana _xColecciones _9351 |
|
| 650 | 4 |
_aCuentos dominicanos _xColecciones _9503 |
|
| 650 | 0 |
_aLiteratura dominicana. _967 |
|
| 700 | 1 |
_aPaulino Adames, Francisco, _ecomp. _942783 |
|
| 910 | _aValidado. Control de calidad EMS | ||
| 999 |
_c19695 _d19695 |
||